Statistics for Skillet - Falling Inside the Black (All Lyrics)

Click here to take the quiz!

General Stats

  • This quiz has been taken 39 times
  • The average score is 267 of 311

Answer Stats

% Correct
I
100%
Black
95%
Can
95%
Falling
95%
Fallling
95%
I’m
95%
In
95%
The
95%
You
95%
Alone
90%
Back
90%
Ever
90%
Hear
90%
Me
90%
So
90%
This
90%
To
90%
Cracks
85%
Don’t
85%
Go
85%
Inside
85%
Slipping
85%
Through
85%
Tonight
85%
Your
85%
All
80%
Be
80%
Here
80%
It
80%
I’ve
80%
Leave
80%
Sorrow
80%
Takes
80%
‘Cause
75%
Cold
75%
Depths
75%
Kind
75%
Never
75%
See
75%
Touch
75%
Way
75%
And
70%
Can’t
70%
Desire
70%
Dreaming
70%
For
70%
Give
70%
Life
70%
Much
70%
My
70%
Of
70%
Source
70%
Strength
70%
Time
70%
Used
70%
Waited
70%
Wasted
70%
Wish
70%
Ahold
65%
At
65%
Barely
65%
Everything
65%
Like
65%
Love
65%
One
65%
Scream
65%
Thing
65%
Traded
65%
Were
65%
Abyss
60%
From
60%
Now
60%
Offering
60%
Stranded
60%
That
60%
Wanna
60%

Score Distribution

Percentile by Number Answered

Percent of People with Each Score

Your Score History

You have not taken this quiz